| 000 | 00896nas a2200277 4500 | ||
|---|---|---|---|
| 001 | BR2013009201 | ||
| 003 | BR-BrBNA | ||
| 005 | 20231205123227.0 | ||
| 007 | ta | ||
| 008 | 230509b bl.|||p| |||| 00| 00por d | ||
| 040 |
_aBR-BrBNA _bpor _cBiblioteca Nacional de Agricultura |
||
| 041 | _a(En) | ||
| 072 | _aL72 | ||
| 100 | 1 | _aCosta, E.A.P. de A. | |
| 100 | 1 | _aSantos, E.M. de M. | |
| 100 | 1 | _aCorreia, J.C. | |
| 100 | 1 | _aAlbuquerque, C.M.R. de | |
| 245 | 1 | _aImpact of small variations in temperature and humidity on the reproductive activity and survival of Aeds aegypti (Diptera, Culicidae) | |
| 650 | _aMOSQUITO | ||
| 650 | _aUMIDADE | ||
| 650 | _aTEMPERATURA | ||
| 650 | _aDENGUE | ||
| 773 | 0 |
_tRevista Brasileira de Entomologia (Brazil) _xISSN 0085-5626 _g(Jul-Sep 2010), v. 54(3) p. 488-493 _wBR2013009201 |
|
| 909 |
_a202311 _bLúcia _c55 _dLúcia Elande |
||
| 942 |
_2AGRIS _n0 _cANA |
||
| 999 |
_c232811 _d232811 |
||